MARC details
| 000 -LEADER |
| fixed length control field |
02015cam a22004577i 4500 |
| 001 - CONTROL NUMBER |
| control field |
9051 |
| 003 - CONTROL NUMBER IDENTIFIER |
| control field |
FISKH |
| 005 - DATE AND TIME OF LATEST TRANSACTION |
| control field |
20251118093043.0 |
| 008 - FIXED-LENGTH DATA ELEMENTS--GENERAL INFORMATION |
| fixed length control field |
130322s2012 enka j 000 0 eng d |
| 010 ## - LIBRARY OF CONGRESS CONTROL NUMBER |
| LC control number |
2012538959 |
| 020 ## - INTERNATIONAL STANDARD BOOK NUMBER |
| International Standard Book Number |
9780194646833 |
| Qualifying information |
(book) |
| 020 ## - INTERNATIONAL STANDARD BOOK NUMBER |
| International Standard Book Number |
0194646831 |
| Qualifying information |
(book) |
| 020 ## - INTERNATIONAL STANDARD BOOK NUMBER |
| International Standard Book Number |
9780194646932 |
| Qualifying information |
(book + CD) |
| 020 ## - INTERNATIONAL STANDARD BOOK NUMBER |
| International Standard Book Number |
9780194646833 |
| 020 ## - INTERNATIONAL STANDARD BOOK NUMBER |
| International Standard Book Number |
0194646939 |
| Qualifying information |
(book + CD) |
| 020 ## - INTERNATIONAL STANDARD BOOK NUMBER |
| International Standard Book Number |
9780194646635 |
| Qualifying information |
(audio disc) |
| 020 ## - INTERNATIONAL STANDARD BOOK NUMBER |
| International Standard Book Number |
0194646637 |
| Qualifying information |
(audio disc) |
| 040 ## - CATALOGING SOURCE |
| Original cataloging agency |
XFF |
| Language of cataloging |
eng |
| Transcribing agency |
XFF |
| Description conventions |
rda |
| Modifying agency |
DLC |
| 050 00 - LIBRARY OF CONGRESS CALL NUMBER |
| Classification number |
S519 |
| Item number |
.B58 2012 |
| 082 00 - DEWEY DECIMAL CLASSIFICATION NUMBER |
| Classification number |
630 |
| Edition number |
23 |
| 100 1# - MAIN ENTRY--PERSONAL NAME |
| Personal name |
Bladon, Rachel, |
| Relator term |
author. |
| 245 10 - TITLE STATEMENT |
| Title |
Farms / |
| Statement of responsibility, etc. |
Rachel Bladon. |
| 260 ## - PUBLICATION, DISTRIBUTION, ETC. |
| Place of publication, distribution, etc. |
Oxford : |
| Name of publisher, distributor, etc. |
Oxford University Press, |
| Date of publication, distribution, etc. |
2012. |
| 300 ## - PHYSICAL DESCRIPTION |
| Extent |
40 pages : |
| Other physical details |
color illustrations ; |
| Dimensions |
21 cm |
| 490 1# - SERIES STATEMENT |
| Series statement |
Oxford read and discover : |
| Volume/sequential designation |
Level 2 |
| 505 ## - FORMATTED CONTENTS NOTE |
| Formatted contents note |
N<br/> |
| 520 3# - SUMMARY, ETC. |
| Summary, etc. |
This exciting new series of non-fiction readers provides interesting and educational content, with activities and project work. The readers are graded at four levels, from 3 to 6, suitable for students from age 8 and older. They can support Content and Language Integrated Learning (CLIL), andcover a broad range of topics, within three curriculum areas:The World of Science and TechnologyThe Natural WorldThe World of Arts and Social StudiesAlso available for each reader:* Activity Book* |
| 521 8# - TARGET AUDIENCE NOTE |
| Target audience note |
590<br/> |
| Source |
Lexile estimate<br/> |
| 521 8# - TARGET AUDIENCE NOTE |
| Target audience note |
N<br/> |
| Source |
Raz-Plus<br/> |
| 650 #0 - SUBJECT ADDED ENTRY--TOPICAL TERM |
| Topical term or geographic name entry element |
Farms |
| Form subdivision |
Juvenile literature. |
| 650 #0 - SUBJECT ADDED ENTRY--TOPICAL TERM |
| Topical term or geographic name entry element |
English language |
| Form subdivision |
Textbooks for foreign speakers. |
| 650 #7 - SUBJECT ADDED ENTRY--TOPICAL TERM |
| Topical term or geographic name entry element |
English language. |
| Source of heading or term |
fast |
| Authority record control number or standard number |
(OCoLC)fst00910920 |
| 650 #7 - SUBJECT ADDED ENTRY--TOPICAL TERM |
| Topical term or geographic name entry element |
Farms. |
| Source of heading or term |
fast |
| Authority record control number or standard number |
(OCoLC)fst00921422 |
| 655 #7 - INDEX TERM--GENRE/FORM |
| Genre/form data or focus term |
Juvenile works. |
| Source of term |
fast |
| Authority record control number or standard number |
(OCoLC)fst01411637 |
| 655 #7 - INDEX TERM--GENRE/FORM |
| Genre/form data or focus term |
Textbooks |
| Form subdivision |
for foreign speakers. |
| Source of term |
fast |
| Authority record control number or standard number |
(OCoLC)fst01423864 |
| 655 #7 - INDEX TERM--GENRE/FORM |
| Genre/form data or focus term |
Literature. |
| Source of term |
lcgft |
| Authority record control number or standard number |
https://id.loc.gov/authorities/genreForms/gf2014026415 |
| 830 #0 - SERIES ADDED ENTRY--UNIFORM TITLE |
| Uniform title |
Oxford read and discover. |
| Number of part/section of a work |
Level 2. |
| 906 ## - LOCAL DATA ELEMENT F, LDF (RLIN) |
| a |
7 |
| b |
cbc |
| c |
copycat |
| d |
2 |
| e |
ncip |
| f |
20 |
| g |
y-gencatlg |
| 942 ## - ADDED ENTRY ELEMENTS (KOHA) |
| Source of classification or shelving scheme |
Dewey Decimal Classification |
| Koha item type |
Books |
| Suppress in OPAC |
No |